000 00672nam a2200241Ia 4500
005 20260430150710.0
008 008 250103s9999 xx 000 0 eng d
037 _aTheses
040 _aCRL
040 _beng
040 _ceng
041 _2eng
041 _aeng
084 _qCRL
100 _aChaudhary Vishakha Au.; Rupesh Kumar Gu.; Chaturvedi Shubhra Gu.
_91238248
245 0 _aDesign and Development of Molecular Probes for Different Imaging Techniques
260 _c2024
300 _a189p.
650 _aChemistry
700 _aUniversity of Delhi. Faculty of Science. Deptt. of Chemistry
_91236464
942 _cTH
999 _c1850419
_d1850419